00680nam a2200193Ia 4500003000900000008004100009020002200050040001600072080001900088100001200107245010400119260004900223300001700272650002300289650003100312942000700343999001700350952011900367IN-BaIIA211028s9999 xx 000 0 eng d a978-0-691-16269-0 cIIA Library a512.54:53bZEE aZee, A. 0aGroup theory in a nutshell for physicistscA. Zee  aNew JerseybPrinceton University Pressc2016 axviii, 613p. aGroup theory94516 aMathematical physics91525 cBK c19279d19279 00104070aBANbBANcGENd2016-11-17eSBA l2m1o512.54:53/ ZEEp20201r2026-05-19s2026-05-19w2016-11-17yBK